Košice na obrazoch majstrov

Bibliographic Details
Main Author: (SOM) (Author)
Format: Article
Language:Slovak
PhysicalDescription:1 foto
Subjects:

MARC

LEADER 00000nab a2200000 a 4500
001 vtls000897524
003 SK-MaSNL
005 20260303212530.0
008 040720e19980313xo 0 slo
035 |a KE6547 
040 |a KEVKJB  |b slo  |c KEVKJB  |e AACR2 
041 0 |a slo 
044 |a xo  |c SK 
080 |a 75  |2 1981 
080 |a 061.4  |2 1981 
080 |a 929  |2 1981 
100 0 |a (SOM)  |4 aut  |9 872794 
245 1 0 |a Košice na obrazoch majstrov 
300 |b 1 foto 
518 |a 1839 
590 |a Alt, Jakub  |b viedenský maliar 
600 1 7 |a Alt, Jakob,  |d 1789-1872  |2 KEVKJB  |9 218998 
650 0 7 |a maliarstvo  |2 KEVKJB  |9 812 
650 0 7 |a Námestie pred Košickým Dómom (obraz)  |2 KEVKJB  |9 1245382 
650 0 7 |a akvarely  |2 KEVKJB  |9 29962 
650 0 7 |a obrazy  |2 KEVKJB  |9 29735 
650 0 7 |a zobrazenie mesta  |2 KEVKJB  |9 1245383 
651 7 |a Košice (Slovensko)  |2 KEVKJB  |9 18694 
651 7 |a KE,  |2 KEVKJB  |9 877256 
651 7 |a KE,  |2 KEVKJB  |9 877256 
655 7 |a periodikum  |2 snkbucl  |9 29553 
773 0 8 |t Korzár  |g Roč. 1, č.27, 13.3.1998, s. 12 
852 |a ZVYKNI  |b KIS3GCP 
999 |c 2207821  |d 2209751